000 00793nas a2200253 i 4500
001 929
003 ES-MaACL
005 20251010161416.0
007 t|
008 950801d19061909sp sr p 0 1 |spa d
080 _a(051)
245 0 0 _aGalicia :
_brevista quincenal ilustrada /
_cdir., Augusto C. de Santiago.
246 3 _aGalicia (Madrid. 1906)
260 _aMadrid :
_bGalicia,
_c1906-1909.
300 _a4 v. :
_bil. ;
_c27 cm.
310 _aQuincenal
362 0 _aAño 1, n. 1 (25 jul. 1906)-1909.
650 4 _aMonografías regionales.
_915170
700 1 _aSantiago, Augusto C. de,
_edir.
_9227551
700 1 _aVidal Rodríguez, Manuel,
_d1871-1941
_9175684
852 4 _x
_aBA
_x
_jR-2493-96 Olim: G-3847-50
866 0 _o1906-08(1909).
999 _c929
_d929